| 000 | 02361cam a2200337 a 4500 | ||
|---|---|---|---|
| 001 | 14386611 | ||
| 005 | 20070516100047.0 | ||
| 008 | 060523s2005 xx a b 100 0 eng d | ||
| 010 | _a 2006309797 | ||
| 020 | _a9774160339 | ||
| 035 | _a(CStRLIN)PATGB29746152-B | ||
| 035 | _a(PPT)b29746152 | ||
| 040 |
_aUUM _cUUM _dPPT _dDLC |
||
| 042 |
_alccopycat _alcode |
||
| 043 | _ama----- | ||
| 050 | 0 | 0 |
_aHQ1240.5.A65 _bA73 2005 |
| 082 |
_a338.9 _bARA |
||
| 245 | 0 | 0 |
_aArab women and economic development : _bPapers presented at a seminar held in Kuwait, 20-21 October, 2003 / _cEdited by Heba Handoussa. |
| 260 |
_aEgypt : _bThe American University in Cairo press, _cc2005. |
||
| 300 |
_avi, 196 p. : _bill. ; _c24 cm. |
||
| 504 | _aIncludes bibliographical references. | ||
| 505 | 0 | _aInaugural speeches / Abdelatif Al-Hamad, Jassim Al-Mannai, Ahmed Benbitour -- the basic issues / Heba Handoussa -- The effects of fiscal policies on the economic development of women in the Middle East and North Africa / Nicole Laframboise and Tea Trumbic -- Women entrepreneurs in the Middle East and North Africa : building on solid beginnings / Nadereh Chamlou and Reem Kattaneh Yared -- The role of Arab non-governmental organizations as a development vehicle / Farida Aboul-Kasem Al-Allaghi -- Gender and globalization : human rights, property relations, and economic oppoortunities / Faiza Benhadid -- Economic reform policies and their effect on the status of women in Arab countries / Maisa Sabh -- The mismatch between educational achievement and the Arab labour market with a gender perspective / The Arab Fund for Economic and Social Development -- Discussion and comments -- Rapporteur's report / Heba Handoussa -- Concluding statement / Mervat Badawi. | |
| 650 | 0 |
_aWomen in development _zArab countries _vCongresses. _96959 |
|
| 650 | 0 |
_aWomen, Arab _vCongresses. _96960 |
|
| 700 | 1 |
_aHandoussa, Heba Ahmad. _96961 |
|
| 710 | 2 |
_aArab Fund for Economic and Social Development. _96962 |
|
| 856 | 4 | 1 |
_3Table of contents only _uhttp://www.loc.gov/catdir/toc/fy0710/2006309797.html |
| 942 |
_2ddc _cBB |
||
| 999 |
_c12039 _d12039 |
||